000 00853nam a2200253Ia 4500
003 GCL
008 140319s9999 xx 000 0 ara d
040 _aGCL /
_cGCL
082 0 4 _aق
_b962
_bج ذ
100 1 _aالجمعية الملكية للدراسات التاريخية
245 1 0 _aذكرى البطل الفاتح ابراهيم باشا /
_cالجمعية الملكية للدراسات التاريخية
260 _a[S.N] :
_bمكتبة مدبولى ،
_c1990
300 _a405 ص
490 _aصفحات من تاريخ مصر
_v0
650 0 4 _aالعصر الحديث
650 0 4 _aمصر
650 0 4 _aتاريخ
650 0 4 _aالجيش المصرى
650 0 4 _aبلاد الشام
650 0 4 _aالجزيرة العربية
650 0 4 _aابراهيم باشا
650 0 4 _aالفتوحات
942 _2ddc
_cBK
999 _c53000
_d53000